Bytový dom

Enregistré dans:
Détails bibliographiques
Auteur principal: Dic, Daniel (Auteur)
Autres auteurs: Palko, Milan (Directeur de thèse)
Format: Manuscrit Livre
Langue:slovaque
Publié: 2019
Sujets:
Accès en ligne:http://is.stuba.sk/zp/portal_zp.pl?podrobnosti=124790
https://opac.crzp.sk/?fn=detailBiblioForm&sid=F8FE310152E9D1F1EE124741F7FB
Tags: Ajouter un tag
Pas de tags, Soyez le premier à ajouter un tag!

MARC

LEADER 00000ntm a22000003a 4500
001 stuzp72868
003 SK-STU
005 20230526135821.1
007 ta
008 150427s2015----xo-----f-mn---000-0-slo-d
040 |a STU  |b slo 
041 0 |a slo 
100 1 |a Dic, Daniel  |u 010180  |4 aut  |U SvF Stavebná fakulta  |T SvF Katedra konštrukcií pozemných stavieb  |X 81106  |U V180  |Y 18  |7 81106 
242 0 1 |a Residential building  |y eng 
245 1 0 |a Bytový dom 
260 |c 2019 
650 4 |a Bytový dom  |2 slo 
650 4 |a Projekt  |2 slo 
650 4 |a Architektúra  |2 slo 
650 4 |a Residential building  |2 eng 
650 4 |a Project  |2 eng 
650 4 |a Architecture  |2 eng 
700 1 |a Palko, Milan  |u 010180  |k Z1  |4 ths  |U SvF Stavebná fakulta  |T SvF Katedra konštrukcií pozemných stavieb  |X 2552  |U V180  |Y 18  |7 A000002552 
856 4 |u http://is.stuba.sk/zp/portal_zp.pl?podrobnosti=124790 
856 4 |u https://opac.crzp.sk/?fn=detailBiblioForm&sid=F8FE310152E9D1F1EE124741F7FB